000 00729nam a22002057a 4500
999 _c370935
_d370935
008 201130b ||||| |||| 00| 0 eng d
040 _bger
_cDE-2950
_erda
_aDE-2950
041 _ager
245 _aDer Gast-Solist spielt das Horn mit den Zehen.
_bKonzert: Felix Klieser ist einer der Besten seines Faches - trotz seiner Beeinträchtigungen./
_cir.
264 _c2021
653 _aFrankfurt (Oder)
653 _aKultur
653 _aKonzert
653 _aKlieser, Felix 1991-
773 _dFrankfurt (Oder): Märkisches Verlags- und Druckhaus GmbH & Co KG
_g32. Jahrgang (2021) Nr. 235 vom 08.10.2021, S. 16
_tMärkische Oderzeitung
942 _cA